Veľtrhy a výstavy v júli a v auguste 1996

Prehľad prezentačných a kontraktačných podujatí u nás a vo svete v júli a v auguste 1996. Základné údaje (dátum, miesto, názov a zameranie) na orientáciu pre podnikateľov, obchodníkov a manažérov.

Na minha lista:
Detalhes bibliográficos
Formato: Capítulo de Livro
Idioma:eslovaco
Assuntos:
Tags: Adicionar Tag
Sem tags, seja o primeiro a adicionar uma tag!

MARC

LEADER 00000naa a2200000 4500
001 r022696
005 20230801104408.1
041 0 |a slo 
044 |a SK 
245 1 0 |a Veľtrhy a výstavy v júli a v auguste 1996 
520 |a Prehľad prezentačných a kontraktačných podujatí u nás a vo svete v júli a v auguste 1996. Základné údaje (dátum, miesto, názov a zameranie) na orientáciu pre podnikateľov, obchodníkov a manažérov. 
610 2 0 |a Slovensko 
610 2 0 |a svet 
610 2 0 |a júl 
610 2 0 |a august 
610 2 0 |a 1996 
610 2 0 |a veľtrhy 
610 2 0 |a výstavy